000 00583nam a22001697a 4500
999 _c15201
_d15201
003 AR-CdUCM
008 190426b ||||| |||| 00| 0 spa d
040 _aMUNICIPALIDAD PROVINCIAL DEL CUSCO
_cBIBLIOTECA MUNICIPAL DEL CUSCO
082 _aC / 340.8 /
_bA65
100 _aAragon, Luis Angel
_927079
245 _aProntuario del distrito judicial del Cuzco /
260 _aCuzco ;
_bIdea,
_c1957.
300 _a48 pƔginas ;
_c17 cm.
505 _aOrganización -- titulares -- suplementos -- turnos -- escribanos -- notarios -- oficinas...
942 _2ddc
_cFOLLETOS
945 _awfj